Najwięcej razy odtwarzani twórcy Spotify - Statystyki

Ogólne statystyki
  • Ten quiz został rozwiązany 16 razy
  • Średni wynik to 7 z 12
Statystyki odpowiedzi
Państwo Tytuł Piosenkarz % Poprawnych
Wielka Brytania Shape of You Ed Sheeran
94%
Wielka Brytania Perfect Ed Sheeran
94%
Stany Zjednoczone Believer Imagine Dragons
75%
Stany Zjednoczone Sunflower Post Malone/Swae Lee
69%
Kanada Blinding Lights The Weeknd
69%
Kanada/Francja Starboy The Weeknd/Daft Punk
69%
Stany Zjednoczone/Wielka Brytania Rockstar Post Malone/21 Savage
63%
Australia/Kanada Stay The Kid Laroi/Justin Bieber
63%
Kanada One Dance Drake
56%
Wielka Brytania Heat Waves Glass Animals
31%
Australia Dance Monkey Tones and I
31%
Wielka Brytania Sweater Weather The Neighbourhood
25%
Nie znaleziono quizów pasujących do podanych kryteriów
Rozkład punktacji
Procent ludzi z każdym wynikiem
Percentyl według liczby udzielonych odpowiedzi
Twoja historia wyników
Nie rozwiązałeś tego quizu